=LDR 00000nam 2200000 4500 =001 INLIS000000000012309 =005 20130612103836 =008 ***********************************Ind** =035 ##$$0010-061300000012309 =041 ##$$a Ind =082 ##$$a 658.812 =090 ##$$a 658.812, Bel p =100 ##$$a Bell, Chip R =245 ##$$a Pelanggan sebagai mitra usaha menjalin hubungan yang abadi, Chip R.Bell ; Alih bahasa Anton Adi wiyoto =260 ##$$a 1996 $b Jakarta =300 ##$$a 345 hlm., Ilus, 18 cm =650 ##$$a Manajemen Penjualan =700 ##$$a Adiwiyoto, Anton =850 ##$$a NBPNMAT